Statistics for Survivor 44 Cast: Name Match

Click here to take the quiz!

General Stats

  • This quiz has been taken 9 times
    (7 since last reset)
  • The average score is 12 of 18

Answer Stats

HintAnswer% Correct
Yam YamArocho
100%
CarsonGarrett
100%
CarolynWiger
100%
MattBlankinship
83%
HelenLi
83%
BrucePerreault
83%
ClaireRafson
83%
BrandonCottom
67%
HeidiLagares-Greenblatt
67%
MaddyPomilla
67%
JoshWilder
67%
KaneFritzler
50%
LaurenHarpe
50%
FrannieMarin
50%
DannyMassa
50%
JaimeRuiz
50%
SarahWade
50%
MatthewGrinstead-Mayle
17%

Score Distribution

Percentile by Number Answered

Percent of People with Each Score

Your Score History

You have not taken this quiz since the last reset